000 00618nam a22002177a 4500
003 UA-OsUOA
001 131175
007 ta
008 20180524b un ||||| |||| 00| 0 ukr d
090 _a811.11(082)
942 _cBK
040 _aUA-OsUOA
_beng
_cUA-OsUOA
_dUA-OsUOA
245 _aLatefl - Ukraine Sekond Conference
_bprogramme
_cA. Artsishevska
300 _a191 с.
955 _a1
041 _aeng
080 _a811.11(082)
260 _aЛьвів
_bУАД
_c1995
650 7 _a8 Мовознавство. Художня література. Літературознавство
_2UDC
999 _c419419
_d419419